| 000 | 00359nam a2200145Ia 4500 | ||
|---|---|---|---|
| 008 | 210210b1970 xxu||||| |||| 00| 0 eng d | ||
| 082 | _a541.244 HEAA | ||
| 100 | _aHEALEY (J A D). | ||
| 245 | _aAtoms into ions. | ||
| 260 |
_aLondon _bLongmans Green & Co. _c1970 |
||
| 300 | _a15 | ||
| 650 | _aAtoms Ions | ||
| 690 | _aTheoretical Chemistry | ||
| 906 | _a029569 | ||
| 999 |
_c80783 _d80783 |
||